| 000 | 00425nam a22001817i 4500 | ||
|---|---|---|---|
| 001 | 7943 | ||
| 003 | OSt | ||
| 005 | 20170126082405.0 | ||
| 007 | tu | ||
| 008 | 161220s xxu||||| |||| 00| 0 d | ||
| 020 | _a978-3-7001-6832-4 | ||
| 022 | _a1728-4414 | ||
| 024 | 7 |
_a7943 _2RID |
|
| 040 | _cOSt | ||
| 245 | 0 | 0 | _aVienna Yearbook of Population Research |
| 260 |
_aVienna : _bAustrian Academy of Sciences (OEAW). |
||
| 866 | 0 | _u2009-2010 | |
| 942 | _cST | ||
| 999 |
_c6705 _d6705 |
||